• 首页
  • 本馆介绍
  • 公告通知
  • 最新文献
  • 馆藏检索
  • 电子资源
  • 读者导购
  • 参考咨询
  • 我的图书馆
  • 登录
  • 详细信息显示
  • 放入我的书架
  • 预约/预借图书
  • 作者相关作品
  • 分类相关作品
  • 丛书相关作品
  • 出版社相关作品

书目信息

  • 表格格式
  • 工作单格式
  • 卡片格式
题名:
亚波长光栅光学
    
 
作者: 赵华君 著
分册:  
出版信息: 成都   西南交通大学出版社  2017.12
页数: 132页
开本: 23cm
丛书名:
单 册:
中图分类: O437.4
科图分类:
主题词: 光栅
电子资源:
ISBN: 978-7-5643-5977-5
000 00966nam0 2200229 450
001 55
005 20180920165625.52
010    @a978-7-5643-5977-5@dCNY48.00
100    @a20180513d2017 em y0chiy50 ea
101 0  @achi
102    @aCN@b510000
105    @aa z 000yy
200 1  @a亚波长光栅光学@9ya bo chang guang shan guang xue@dSubwavelength grating optics@f赵华君著@zeng
210    @a成都@c西南交通大学出版社@d2017.12
215    @a132页@c图@d23cm
330    @a本书运用严格耦合波法详细分析光栅的理论与算法,并给出了模态法、传输矩阵法、有效介质理论、LC电路模型分析法等多种光栅分析与设计的方法,据此分析了亚波长及共振域光栅的衍射特性、偏振特性、分束特性、闪耀特性、电磁增强特性及表面等离子效应等光栅的特性及相关应用,同时还简要介绍了光栅的制造与检定方法。
510 1  @aSubwavelength grating optics@zeng
606 0  @a光栅
690    @aO437.4@v5
701  0 @a赵华君@9zhao hua jun@f(1974-)@4著
801  0 @aCN@b91MARC@c20180513
905    @aMuseLib@dO437.4@e66
    
    亚波长光栅光学=Subwavelength grating optics/赵华君著.-成都:西南交通大学出版社,2017.12
    132页:图;23cm
    
    
    ISBN 978-7-5643-5977-5:CNY48.00
    本书运用严格耦合波法详细分析光栅的理论与算法,并给出了模态法、传输矩阵法、有效介质理论、LC电路模型分析法等多种光栅分析与设计的方法,据此分析了亚波长及共振域光栅的衍射特性、偏振特性、分束特性、闪耀特性、电磁增强特性及表面等离子效应等光栅的特性及相关应用,同时还简要介绍了光栅的制造与检定方法。
●
相关链接 在E读中查询图书 在五车中查询图书 在当当中查询图书 在豆瓣中查询图书


正题名:亚波长光栅光学     索取号:O437.4/66         预约/预借

序号 登录号 条形码 馆藏地/架位号 状态 备注
1 1118014   211180149   第二样本阅览室/ [索取号:O437.4/66] 在馆    
2 1118015   211180158   密集书库-物理学院/ [索取号:O437.4/66] 在馆    
3 1118016   211180167   第三借阅区/ [索取号:O437.4/66] 在馆    
4 1118017   211180176   第三借阅区/ [索取号:O437.4/66] 在馆    
5 1118018   211180185   第三借阅区/ [索取号:O437.4/66] 在馆    
唐山师范学院图书馆 欢迎您!
大连网信软件有限公司© 版权所有